[Event "ESTCC 50 2019"]
[Site "Mali Losinj"]
[Date "2019.09.25"]
[Round "8.22"]
[White "Opl, Klaus"]
[Black "Mashayekh, Majid"]
[Result "1-0"]
[WhiteElo "2207"]
[BlackElo "1875"]
[Annotator "NA"]
[PlyCount "45"]
[EventDate "2019.09.18"]
[EventType "team-tourn"]
[EventCountry "CRO"]
[SourceTitle "playchess.com"]
[Source "ChessBase"]
[SourceQuality "1"]
[WhiteTeam "Austria"]
[BlackTeam "England"]
[WhiteTeamCountry "AUT"]
[BlackTeamCountry "ENG"]
[TimeControl "40/5400+30:1800+30"]

1. e4 {[%emt 0:00:30]} c5 {[%emt 0:00:30]} 2. Nf3 {[%emt 0:00:00]} Nc6 {[%emt 0:00:30]} 3. d4 {[%emt 0:00:00]} cxd4 {[%emt 0:00:00]} 4. Nxd4 {[%emt 0:00:30]} Nf6 {[%emt 0:00:00]} 5. Nc3 {[%emt 0:00:00]} d6 {[%emt 0:00:30]} 6. Bg5 {[%emt 0:00:00]} e6 {[%emt 0:00:30]} 7. Qd2 {[%emt 0:00:30]} a6 {[%emt 0:01:30]} 8. O-O-O {[%emt 0:00:30]} Bd7 {[%emt 0:01:30]} 9. f4 {[%emt 0:01:30]} h6 {[%emt 0:02:30]} 10. Bh4 {[%emt 0:00:00]} Nxe4 {[%emt 0:03:30]} 11. Qe1 {[%emt 0:00:00]} Nf6 {[%emt 0:04:30]} 12. Nf5 {[%emt 0:00:30]} Be7 {[%emt 0:01:30]} 13. Nxd6+ {[%emt 0:00:30]} Bxd6 {[%emt 0:04:30]} 14. Rxd6 {[%emt 0:00:30]} Qc7 {[%emt 0:01:30]} 15. Rd2 {[%emt 0:01:30]} Ne7 {[%emt 0:05:30]} 16. Bxf6 {[%emt 0:05:30]} gxf6 {[%emt 0:01:30]} 17. Ne4 {[%emt 0:02:30]} Ng8 {[%emt 0:06:30]} 18. f5 {[%emt 0:07:30]} e5 {[%emt 0:06:30]} 19. Bc4 {[%emt 0:06:30]} Rh7 {[%emt 0:03:30]} 20. Nd6+ {[%emt 0:03:30]} Kf8 {[%emt 0:09:30]} 21. Qg3 {[%emt 0:07:30]} Bxf5 {[%emt 0:07:30]} 22. Nxf5 {[%emt 0:00:30]} Qxc4 {[%emt 0:00:30]} 23. Qa3+ {[%emt 0:00:30]} 1-0

[Event "ESTCC 50 2019"]
[Site "Mali Losinj"]
[Date "2019.09.25"]
[Round "8.23"]
[White "Wood, Peter R"]
[Black "Watzka, Horst"]
[Result "0-1"]
[WhiteElo "1884"]
[BlackElo "2187"]
[Annotator "NA"]
[PlyCount "99"]
[EventDate "2019.09.18"]
[EventType "team-tourn"]
[EventCountry "CRO"]
[SourceTitle "playchess.com"]
[Source "ChessBase"]
[SourceQuality "1"]
[WhiteTeam "England"]
[BlackTeam "Austria"]
[WhiteTeamCountry "ENG"]
[BlackTeamCountry "AUT"]
[TimeControl "40/5400+30:1800+30"]

1. e4 {[%emt 0:00:30]} c5 {[%emt 0:00:30]} 2. Nc3 {[%emt 0:00:30]} Nc6 {[%emt 0:02:30]} 3. g3 {[%emt 0:00:30]} d6 {[%emt 0:02:30]} 4. Bg2 {[%emt 0:00:30]} g6 {[%emt 0:00:30]} 5. d3 {[%emt 0:00:30]} Bg7 {[%emt 0:00:30]} 6. f4 {[%emt 0:01:30]} e6 {[%emt 0:00:30]} 7. Nf3 {[%emt 0:00:00]} Nge7 {[%emt 0:00:30]} 8. O-O {[%emt 0:01:00]} O-O {[%emt 0:00:30]} 9. Be3 {[%emt 0:00:30]} Nd4 {[%emt 0:05:30]} 10. Qd2 {[%emt 0:07:30]} Rb8 {[%emt 0:03:30]} 11. Nd1 {[%emt 0:02:30]} b5 {[%emt 0:11:30]} 12. c3 {[%emt 0:02:30]} Nxf3+ {[%emt 0:00:30]} 13. Bxf3 {[%emt 0:00:30]} b4 {[%emt 0:02:30]} 14. d4 {[%emt 0:01:30]} bxc3 {[%emt 0:05:30]} 15. bxc3 {[%emt 0:01:30]} Ba6 {[%emt 0:03:30]} 16. Be2 {[%emt 0:13:30]} Bxe2 {[%emt 0:00:30]} 17. Qxe2 {[%emt 0:00:30]} cxd4 {[%emt 0:01:30]} 18. cxd4 {[%emt 0:01:30]} Qa5 {[%emt 0:00:30]} 19. Nf2 {[%emt 0:03:30]} Qa4 {[%emt 0:03:30]} 20. Qd1 {[%emt 0:06:30]} Qxd1 {[%emt 0:05:30]} 21. Rfxd1 {[%emt 0:01:30]} Rfc8 {[%emt 0:01:30]} 22. Rdc1 {[%emt 0:04:30]} d5 {[%emt 0:04:30]} 23. e5 {[%emt 0:09:30]} Nf5 {[%emt 0:00:30]} 24. Nd1 {[%emt 0:00:30]} Bf8 {[%emt 0:00:30]} 25. Bf2 {[%emt 0:17:30]} h5 {[%emt 0:00:30]} 26. Rab1 {[%emt 0:05:34]} Rc2 {[%emt 0:05:30]} 27. Rxc2 {[%emt 0:02:20]} Rxb1 {[%emt 0:00:30]} 28. Rd2 {[%emt 0:00:10]} Bb4 {[%emt 0:00:30]} 29. Rd3 {[%emt 0:00:11]} Ra1 {[%emt 0:00:30]} 30. a3 {[%emt 0:05:51]} Rxa3 {[%emt 0:00:30]} 31. Rxa3 {[%emt 0:00:32]} Bxa3 {[%emt 0:00:00]} 32. Nc3 {[%emt 0:00:31]} Bb2 {[%emt 0:01:00]} 33. Na4 {[%emt 0:04:24]} Bxd4 {[%emt 0:01:30]} 34. Bxd4 {[%emt 0:00:14]} Nxd4 {[%emt 0:00:30]} 35. Kf2 {[%emt 0:00:07]} Kf8 {[%emt 0:00:30]} 36. Ke3 {[%emt 0:00:15]} Nf5+ {[%emt 0:00:30]} 37. Kd3 {[%emt 0:00:23]} Ke7 {[%emt 0:00:30]} 38. Nc5 {[%emt 0:00:36]} Kd8 {[%emt 0:00:30]} 39. Na6 {[%emt 0:01:03]} Kc8 {[%emt 0:00:30]} 40. Nb4 {[%emt 0:03:35]} Kb7 {[%emt 0:00:30]} 41. Na2 {[%emt 0:31:12]} Kb6 {[%emt 0:31:30]} 42. Nc3 {[%emt 0:00:18]} Kc5 {[%emt 0:01:30]} 43. Ne2 {[%emt 0:00:32]} Kb4 {[%emt 0:00:30]} 44. h3 {[%emt 0:00:17]} a5 {[%emt 0:03:30]} 45. g4 {[%emt 0:00:08]} hxg4 {[%emt 0:00:00]} 46. hxg4 {[%emt 0:00:06]} Nh6 {[%emt 0:03:00]} 47. f5 {[%emt 0:00:30]} gxf5 {[%emt 0:03:30]} 48. g5 {[%emt 0:00:35]} Ng8 {[%emt 0:01:30]} 49. Nf4 {[%emt 0:00:20]} Ne7 {[%emt 0:00:30]} 50. Kd4 {[%emt 0:03:10]} 0-1

[Event "ESTCC 50 2019"]
[Site "Mali Losinj"]
[Date "2019.09.25"]
[Round "8.24"]
[White "Ernst, Michael"]
[Black "Denning, Julie L"]
[Result "1/2-1/2"]
[WhiteElo "2199"]
[BlackElo "1629"]
[Annotator "ChessBase"]
[PlyCount "129"]
[EventDate "2019.09.18"]
[EventType "team-tourn"]
[EventCountry "CRO"]
[SourceTitle "playchess.com"]
[Source "ChessBase"]
[SourceQuality "1"]
[WhiteTeam "Austria"]
[BlackTeam "England"]
[WhiteTeamCountry "AUT"]
[BlackTeamCountry "ENG"]
[TimeControl "40/5400+30:1800+30"]

1. d4 {[%emt 0:00:30]} Nf6 {[%emt 0:00:30]} 2. c4 {[%emt 0:00:30]} g6 {[%emt 0:00:00]} 3. Nc3 {[%emt 0:00:00]} Bg7 {[%emt 0:00:00]} 4. e4 {[%emt 0:00:00]} d6 {[%emt 0:00:00]} 5. h3 {[%emt 0:00:30]} O-O {[%emt 0:00:00]} 6. Nf3 {[%emt 0:00:00]} Nbd7 {[%emt 0:00:30]} 7. Bg5 {[%emt 0:00:00]} c5 {[%emt 0:04:30]} 8. d5 {[%emt 0:00:30]} Re8 {[%emt 0:03:30]} 9. Bd3 {[%emt 0:01:30]} Qb6 {[%emt 0:03:30]} 10. Qc2 {[%emt 0:03:30]} e6 {[%emt 0:05:30]} 11. O-O {[%emt 0:01:30]} exd5 {[%emt 0:01:30]} 12. cxd5 {[%emt 0:04:30]} a6 {[%emt 0:03:30]} 13. Rfe1 {[%emt 0:01:30]} Ne5 {[%emt 0:03:30]} 14. Nxe5 {[%emt 0:01:30]} Rxe5 {[%emt 0:00:30]} 15. Bf4 {[%emt 0:01:30]} Re8 {[%emt 0:01:30]} 16. a4 {[%emt 0:06:30]} Nd7 {[%emt 0:05:30]} 17. a5 {[%emt 0:01:30]} Qc7 {[%emt 0:00:30]} 18. Bf1 {[%emt 0:01:30]} Be5 {[%emt 0:03:30]} 19. Bd2 {[%emt 0:01:30]} Bg7 {[%emt 0:01:30]} 20. Na4 {[%emt 0:02:30]} Rb8 {[%emt 0:02:30]} 21. Rac1 {[%emt 0:00:30]} Ne5 {[%emt 0:06:30]} 22. f4 {[%emt 0:05:30]} Nd7 {[%emt 0:00:30]} 23. b4 {[%emt 0:00:30]} Bd4+ {[%emt 0:02:30]} 24. Kh1 {[%emt 0:00:30]} Nf6 {[%emt 0:04:30]} 25. bxc5 {[%emt 0:02:30]} Qe7 {[%emt 0:12:30]} 26. cxd6 {[%emt 0:05:30]} Qxd6 {[%emt 0:00:30]} 27. e5 {[%emt 0:05:30]} Qxd5 {[%emt 0:04:30]} 28. exf6 {[%emt 0:00:30]} Bxh3 {[%emt 0:00:30]} 29. Bc3 {[%emt 0:15:30]} Bd7 {[%emt 0:14:23]} 30. Bxd4 {[%emt 0:01:30]} Rxe1 {[%emt 0:03:25]} 31. Rxe1 {[%emt 0:03:30]} Qxd4 {[%emt 0:00:46]} 32. Nc5 {[%emt 0:09:30]} Bf5 {[%emt 0:02:52]} 33. Bd3 {[%emt 0:05:10]} Bxd3 {[%emt 0:02:02]} 34. Nxd3 {[%emt 0:00:15]} Qxf6 {[%emt 0:00:31]} 35. Re5 {[%emt 0:02:08]} Qd8 {[%emt 0:01:48]} 36. Qc4 {[%emt 0:01:42]} Rc8 {[%emt 0:03:28]} 37. Qe4 {[%emt 0:00:30]} b5 {[%emt 0:03:47]} 38. axb6 {[%emt 0:02:04]} Qxb6 {[%emt 0:00:37]} 39. Re8+ {[%emt 0:02:35]} Rxe8 {[%emt 0:00:13]} 40. Qxe8+ {[%emt 0:00:06]} Kg7 {[%emt 0:00:09]} 41. Ne5 {[%emt 0:04:00]} Qb1+ {[%emt 0:03:29]} 42. Kh2 {[%emt 0:02:30]} Qf5 {[%emt 0:00:30]} 43. Qa4 {[%emt 0:02:30]} Qh5+ {[%emt 0:03:30]} 44. Kg3 {[%emt 0:02:30]} Qe2 {[%emt 0:03:30]} 45. Nf3 {[%emt 0:03:30]} Qe6 {[%emt 0:02:30]} 46. Qd4+ {[%emt 0:00:30]} Qf6 {[%emt 0:01:30]} 47. Qd5 {[%emt 0:00:30]} h6 {[%emt 0:01:40]} 48. Qc5 {[%emt 0:02:30]} Qe6 {[%emt 0:01:22]} 49. Kf2 {[%emt 0:04:30]} Qa2+ {[%emt 0:02:12]} 50. Kg1 {[%emt 0:00:30]} Qa1+ {[%emt 0:00:38]} 51. Kh2 {[%emt 0:00:30]} Qf6 {[%emt 0:00:37]} 52. g3 {[%emt 0:00:30]} Qb2+ {[%emt 0:00:42]} 53. Kh3 {[%emt 0:00:30]} Qa1 {[%emt 0:01:26]} 54. g4 {[%emt 0:04:30]} Qf1+ {[%emt 0:01:33]} 55. Kg3 {[%emt 0:00:00]} Qa1 {[%emt 0:01:00]} 56. f5 {[%emt 0:02:00]} g5 {[%emt 0:01:09]} 57. Qe3 {[%emt 0:00:40]} Qf6 {[%emt 0:00:33]} 58. Qc5 {[%emt 0:01:52]} Qa1 {[%emt 0:01:23]} 59. Qe3 {[%emt 0:01:31]} Qf6 {[%emt 0:00:35]} 60. Qa3 {[%emt 0:00:04]} Qc6 {[%emt 0:02:29]} 61. Qe7 {[%emt 0:00:52]} Qf6 {[%emt 0:00:31]} 62. Qc5 {[%emt 0:01:22]} Qa1 {[%emt 0:00:54]} 63. Qe7 {[%emt 0:08:23]} Qf6 {[%emt 0:00:16]} 64. Qa3 {[%emt 0:00:03]} Qc6 {[%emt 0:00:32]} 65. Qe7 {[%emt 0:01:23]} 1/2-1/2

[Event "ESTCC 50 2019"]
[Site "Mali Losinj"]
[Date "2019.09.26"]
[Round "9.1"]
[White "Kozul, Zdenko"]
[Black "Ponce Navalon, Jose"]
[Result "1-0"]
[WhiteElo "2569"]
[BlackElo "2024"]
[Annotator "ChessBase"]
[PlyCount "45"]
[EventDate "2019.09.18"]
[EventType "team-tourn"]
[EventCountry "CRO"]
[SourceTitle "playchess.com"]
[Source "ChessBase"]
[SourceQuality "1"]
[WhiteTeam "Croatia"]
[BlackTeam "Spain"]
[WhiteTeamCountry "CRO"]
[BlackTeamCountry "ESP"]
[TimeControl "40/5400+30:1800+30"]

1. d4 {[%emt 0:00:30]} d5 {[%emt 0:00:30]} 2. c4 {[%emt 0:00:30]} e6 {[%emt 0:00:00]} 3. Nf3 {[%emt 0:00:30]} c5 {[%emt 0:00:00]} 4. cxd5 {[%emt 0:00:00]} exd5 {[%emt 0:00:00]} 5. g3 {[%emt 0:00:00]} Nf6 {[%emt 0:00:00]} 6. Bg2 {[%emt 0:00:30]} Be7 {[%emt 0:00:30]} 7. O-O {[%emt 0:00:30]} O-O {[%emt 0:00:30]} 8. dxc5 {[%emt 0:03:30]} Ne4 {[%emt 0:04:30]} 9. Be3 {[%emt 0:07:30]} Na6 {[%emt 0:21:30]} 10. Nbd2 {[%emt 0:05:30]} Naxc5 {[%emt 0:01:30]} 11. Nxe4 {[%emt 0:01:30]} Nxe4 {[%emt 0:02:30]} 12. Qb3 {[%emt 0:00:30]} b6 {[%emt 0:02:30]} 13. Rad1 {[%emt 0:06:30]} Bb7 {[%emt 0:00:30]} 14. Nd4 {[%emt 0:00:00]} Qc8 {[%emt 0:05:30]} 15. Nb5 {[%emt 0:02:00]} Rd8 {[%emt 0:07:30]} 16. Bxe4 {[%emt 0:10:30]} dxe4 {[%emt 0:00:00]} 17. Rxd8+ {[%emt 0:00:00]} Qxd8 {[%emt 0:04:00]} 18. Rd1 {[%emt 0:03:00]} Qc8 {[%emt 0:01:30]} 19. Rc1 {[%emt 0:05:30]} Qf5 {[%emt 0:00:30]} 20. Rc7 {[%emt 0:12:30]} Bd5 {[%emt 0:00:30]} 21. Qa4 {[%emt 0:00:30]} Bc5 {[%emt 0:00:30]} 22. Bxc5 {[%emt 0:03:30]} e3 {[%emt 0:00:30]} 23. Bxe3 {[%emt 0:01:30]} 1-0

[Event "ESTCC 50 2019"]
[Site "Mali Losinj"]
[Date "2019.09.26"]
[Round "9.2"]
[White "Pastor Alonso De Prado, Alberto"]
[Black "Zelcic, Robert"]
[Result "0-1"]
[WhiteElo "2010"]
[BlackElo "2503"]
[Annotator "ChessBase"]
[PlyCount "62"]
[EventDate "2019.09.18"]
[EventType "team-tourn"]
[EventCountry "CRO"]
[SourceTitle "playchess.com"]
[Source "ChessBase"]
[SourceQuality "1"]
[WhiteTeam "Spain"]
[BlackTeam "Croatia"]
[WhiteTeamCountry "ESP"]
[BlackTeamCountry "CRO"]
[TimeControl "40/5400+30:1800+30"]

1. e4 {[%emt 0:00:30]} c6 {[%emt 0:00:30]} 2. d4 {[%emt 0:00:30]} d5 {[%emt 0:00:00]} 3. e5 {[%emt 0:00:30]} Bf5 {[%emt 0:00:00]} 4. a3 {[%emt 0:00:30]} e6 {[%emt 0:00:30]} 5. c4 {[%emt 0:00:30]} Nd7 {[%emt 0:00:30]} 6. Nc3 {[%emt 0:00:30]} Ne7 {[%emt 0:01:30]} 7. c5 {[%emt 0:01:30]} b6 {[%emt 0:01:30]} 8. b4 {[%emt 0:00:00]} a5 {[%emt 0:00:30]} 9. Be3 {[%emt 0:00:00]} f6 {[%emt 0:00:00]} 10. f4 {[%emt 0:00:30]} g5 {[%emt 0:00:00]} 11. Nf3 {[%emt 0:12:30]} gxf4 {[%emt 0:00:30]} 12. Bxf4 {[%emt 0:00:00]} Ng6 {[%emt 0:00:00]} 13. g3 {[%emt 0:09:00]} axb4 {[%emt 0:06:00]} 14. axb4 {[%emt 0:01:30]} Rxa1 {[%emt 0:00:00]} 15. Qxa1 {[%emt 0:00:00]} fxe5 {[%emt 0:00:00]} 16. Bg5 {[%emt 0:09:00]} Be7 {[%emt 0:02:30]} 17. Bxe7 {[%emt 0:00:00]} Nxe7 {[%emt 0:00:30]} 18. Be2 {[%emt 0:11:00]} O-O {[%emt 0:04:30]} 19. g4 {[%emt 0:02:30]} Be4 {[%emt 0:01:30]} 20. Nxe4 {[%emt 0:00:30]} dxe4 {[%emt 0:00:00]} 21. Ng5 {[%emt 0:03:30]} Nd5 {[%emt 0:05:00]} 22. h4 {[%emt 0:00:30]} Qf6 {[%emt 0:11:30]} 23. Rf1 {[%emt 0:01:30]} Qh6 {[%emt 0:00:00]} 24. Rxf8+ {[%emt 0:00:30]} Nxf8 {[%emt 0:00:00]} 25. Nxe4 {[%emt 0:00:00]} Qe3 {[%emt 0:00:30]} 26. cxb6 {[%emt 0:05:00]} Qxe4 {[%emt 0:01:30]} 27. b7 {[%emt 0:00:30]} Qh1+ {[%emt 0:03:30]} 28. Bf1 {[%emt 0:00:30]} Qxh4+ {[%emt 0:00:30]} 29. Ke2 {[%emt 0:02:30]} Qh2+ {[%emt 0:00:30]} 30. Kd3 {[%emt 0:02:30]} e4+ {[%emt 0:00:30]} 31. Kxe4 {[%emt 0:00:30]} Qg3 {[%emt 0:00:30]} 0-1

[Event "ESTCC 50 2019"]
[Site "Mali Losinj"]
[Date "2019.09.26"]
[Round "9.3"]
[White "Kurajica, Bojan"]
[Black "Lopez de Turiso, Jose Angel"]
[Result "1-0"]
[WhiteElo "2493"]
[BlackElo "1945"]
[Annotator "ChessBase"]
[PlyCount "41"]
[EventDate "2019.09.18"]
[EventType "team-tourn"]
[EventCountry "CRO"]
[SourceTitle "playchess.com"]
[Source "ChessBase"]
[SourceQuality "1"]
[WhiteTeam "Croatia"]
[BlackTeam "Spain"]
[WhiteTeamCountry "CRO"]
[BlackTeamCountry "ESP"]
[TimeControl "40/5400+30:1800+30"]

1. Nf3 {[%emt 0:00:30]} d5 {[%emt 0:00:30]} 2. d4 {[%emt 0:00:00]} Bg4 {[%emt 0:00:30]} 3. Ne5 {[%emt 0:01:00]} Bh5 {[%emt 0:00:30]} 4. Qd3 {[%emt 0:03:30]} Qc8 {[%emt 0:03:30]} 5. c4 {[%emt 0:13:30]} f6 {[%emt 0:03:30]} 6. g4 {[%emt 0:01:30]} fxe5 {[%emt 0:06:30]} 7. gxh5 {[%emt 0:00:30]} dxc4 {[%emt 0:00:30]} 8. Qxc4 {[%emt 0:07:30]} exd4 {[%emt 0:00:30]} 9. Bg2 {[%emt 0:05:30]} Nf6 {[%emt 0:05:30]} 10. Qxd4 {[%emt 0:05:30]} Nbd7 {[%emt 0:03:30]} 11. Nc3 {[%emt 0:05:30]} c6 {[%emt 0:03:30]} 12. h6 {[%emt 0:02:30]} gxh6 {[%emt 0:06:30]} 13. Bh3 {[%emt 0:04:30]} Qc7 {[%emt 0:05:30]} 14. Be3 {[%emt 0:01:30]} e5 {[%emt 0:10:30]} 15. Qh4 {[%emt 0:04:30]} Be7 {[%emt 0:07:30]} 16. Rg1 {[%emt 0:04:30]} Rg8 {[%emt 0:19:36]} 17. Rxg8+ {[%emt 0:01:30]} Nxg8 {[%emt 0:02:45]} 18. Qh5+ {[%emt 0:00:30]} Kf8 {[%emt 0:05:54]} 19. Bxh6+ {[%emt 0:07:30]} Nxh6 {[%emt 0:00:12]} 20. Qxh6+ {[%emt 0:00:00]} Kg8 {[%emt 0:00:48]} 21. Qe6+ {[%emt 0:00:00]} 1-0

[Event "ESTCC 50 2019"]
[Site "Mali Losinj"]
[Date "2019.09.26"]
[Round "9.4"]
[White "Rodriguez Bernal, Herman"]
[Black "Fercec, Nenad"]
[Result "0-1"]
[WhiteElo "1735"]
[BlackElo "2439"]
[Annotator "NA"]
[PlyCount "61"]
[EventDate "2019.09.18"]
[EventType "team-tourn"]
[EventCountry "CRO"]
[SourceTitle "playchess.com"]
[Source "ChessBase"]
[SourceQuality "1"]
[WhiteTeam "Spain"]
[BlackTeam "Croatia"]
[WhiteTeamCountry "ESP"]
[BlackTeamCountry "CRO"]
[TimeControl "40/5400+30:1800+30"]

1. d4 {[%emt 0:01:30]} Nf6 {[%emt 0:00:30]} 2. c4 {[%emt 0:00:30]} b6 {[%emt 0:00:00]} 3. Nc3 {[%emt 0:00:30]} Bb7 {[%emt 0:00:00]} 4. Bg5 {[%emt 0:01:30]} e6 {[%emt 0:01:30]} 5. Nf3 {[%emt 0:01:30]} h6 {[%emt 0:00:30]} 6. Bxf6 {[%emt 0:01:30]} Qxf6 {[%emt 0:00:00]} 7. e4 {[%emt 0:02:30]} g5 {[%emt 0:00:00]} 8. Be2 {[%emt 0:07:30]} g4 {[%emt 0:01:30]} 9. Ne5 {[%emt 0:01:30]} h5 {[%emt 0:00:30]} 10. Qa4 {[%emt 0:06:30]} Bd6 {[%emt 0:27:30]} 11. O-O-O {[%emt 0:05:30]} Bxe5 {[%emt 0:00:30]} 12. dxe5 {[%emt 0:00:00]} Qxe5 {[%emt 0:00:30]} 13. f3 {[%emt 0:02:00]} Nc6 {[%emt 0:01:30]} 14. Kb1 {[%emt 0:07:30]} O-O-O {[%emt 0:05:30]} 15. Rd2 {[%emt 0:15:30]} Kb8 {[%emt 0:02:30]} 16. Rhd1 {[%emt 0:05:30]} d6 {[%emt 0:02:30]} 17. Nb5 {[%emt 0:04:30]} gxf3 {[%emt 0:05:30]} 18. Bxf3 {[%emt 0:00:30]} a6 {[%emt 0:01:30]} 19. Nd4 {[%emt 0:00:30]} Nxd4 {[%emt 0:01:30]} 20. Rxd4 {[%emt 0:00:30]} Rhg8 {[%emt 0:09:30]} 21. b4 {[%emt 0:02:30]} f5 {[%emt 0:05:30]} 22. c5 {[%emt 0:09:30]} fxe4 {[%emt 0:03:30]} 23. c6 {[%emt 0:04:35]} exf3 {[%emt 0:00:30]} 24. cxb7 {[%emt 0:00:25]} Kxb7 {[%emt 0:00:00]} 25. Rc1 {[%emt 0:03:28]} Rg7 {[%emt 0:08:00]} 26. Qc6+ {[%emt 0:03:34]} Kb8 {[%emt 0:00:30]} 27. Re4 {[%emt 0:00:55]} Qf5 {[%emt 0:00:30]} 28. gxf3 {[%emt 0:00:08]} Qxf3 {[%emt 0:01:30]} 29. Rxe6 {[%emt 0:05:13]} Qf5+ {[%emt 0:01:30]} 30. Qe4 {[%emt 0:00:21]} Qxe4+ {[%emt 0:00:00]} 31. Rxe4 {[%emt 0:00:51]} 0-1

[Event "ESTCC 50 2019"]
[Site "Mali Losinj"]
[Date "2019.09.26"]
[Round "9.5"]
[White "Wallace, Paul"]
[Black "Burmakin, Vladimir"]
[Result "0-1"]
[WhiteElo "2153"]
[BlackElo "2496"]
[Annotator "ChessBase"]
[PlyCount "82"]
[EventDate "2019.09.18"]
[EventType "team-tourn"]
[EventCountry "CRO"]
[SourceTitle "playchess.com"]
[Source "ChessBase"]
[SourceQuality "1"]
[WhiteTeam "IRL"]
[BlackTeam "RUS"]
[WhiteTeamCountry "AUS"]
[BlackTeamCountry "RUS"]
[TimeControl "40/5400+30:1800+30"]

1. e4 {[%emt 0:00:30]} c6 {[%emt 0:00:30]} 2. d4 {[%emt 0:00:00]} d5 {[%emt 0:00:00]} 3. exd5 {[%emt 0:00:00]} cxd5 {[%emt 0:00:00]} 4. Bd3 {[%emt 0:00:00]} Nf6 {[%emt 0:00:30]} 5. Bf4 {[%emt 0:05:00]} g6 {[%emt 0:03:30]} 6. Nf3 {[%emt 0:01:30]} Bg7 {[%emt 0:00:30]} 7. O-O {[%emt 0:16:30]} O-O {[%emt 0:00:30]} 8. Nbd2 {[%emt 0:03:30]} Nc6 {[%emt 0:00:30]} 9. c3 {[%emt 0:01:30]} Nh5 {[%emt 0:04:30]} 10. Bg3 {[%emt 0:05:30]} Nxg3 {[%emt 0:02:30]} 11. hxg3 {[%emt 0:00:00]} Rb8 {[%emt 0:05:30]} 12. Re1 {[%emt 0:03:00]} Re8 {[%emt 0:01:30]} 13. a4 {[%emt 0:03:30]} Qd6 {[%emt 0:01:30]} 14. Qe2 {[%emt 0:11:30]} e5 {[%emt 0:22:30]} 15. dxe5 {[%emt 0:00:00]} Nxe5 {[%emt 0:00:00]} 16. Nxe5 {[%emt 0:02:00]} Rxe5 {[%emt 0:01:00]} 17. Qf1 {[%emt 0:02:30]} Rxe1 {[%emt 0:00:30]} 18. Qxe1 {[%emt 0:00:30]} Bd7 {[%emt 0:00:30]} 19. Nf3 {[%emt 0:00:30]} Qb6 {[%emt 0:02:30]} 20. Qd2 {[%emt 0:01:30]} a5 {[%emt 0:00:30]} 21. Bf1 {[%emt 0:04:30]} Bc6 {[%emt 0:02:30]} 22. Nd4 {[%emt 0:01:30]} Bxd4 {[%emt 0:01:30]} 23. cxd4 {[%emt 0:00:30]} Re8 {[%emt 0:00:30]} 24. Bb5 {[%emt 0:09:30]} Re4 {[%emt 0:12:30]} 25. Bxc6 {[%emt 0:03:30]} bxc6 {[%emt 0:00:00]} 26. Rd1 {[%emt 0:04:50]} Qb3 {[%emt 0:00:00]} 27. f3 {[%emt 0:00:36]} Re8 {[%emt 0:03:30]} 28. Re1 {[%emt 0:04:32]} Ra8 {[%emt 0:00:30]} 29. Ra1 {[%emt 0:00:28]} Rb8 {[%emt 0:01:30]} 30. Qxa5 {[%emt 0:03:19]} Qxb2 {[%emt 0:00:30]} 31. Rd1 {[%emt 0:00:36]} Qc2 {[%emt 0:00:30]} 32. Rd2 {[%emt 0:06:43]} Qc1+ {[%emt 0:00:30]} 33. Kh2 {[%emt 0:00:05]} Rb1 {[%emt 0:11:30]} 34. g4 {[%emt 0:01:19]} Qh1+ {[%emt 0:00:30]} 35. Kg3 {[%emt 0:00:04]} Qe1+ {[%emt 0:00:30]} 36. Kh3 {[%emt 0:02:32]} Kg7 {[%emt 0:00:00]} 37. Qc3 {[%emt 0:00:36]} Qh1+ {[%emt 0:01:00]} 38. Kg3 {[%emt 0:00:05]} g5 {[%emt 0:00:30]} 39. f4 {[%emt 0:01:22]} Qh4+ {[%emt 0:00:30]} 40. Kf3 {[%emt 0:00:04]} Rf1+ {[%emt 0:00:00]} 41. Ke2 {[%emt 0:31:20]} Qe1+ {[%emt 0:30:00]} 0-1